MyGZULibrary

The practice of public relations / (Record no. 6890)

MARC details
000 -LEADER
fixed length control field 01216cam a2200325 a 4500
001 - CONTROL NUMBER
control field 2097259
003 - CONTROL NUMBER IDENTIFIER
control field GZU
005 - DATE AND TIME OF LATEST TRANSACTION
control field 20210503140358.0
008 - FIXED-LENGTH DATA ELEMENTS--GENERAL INFORMATION
fixed length control field 950713s1995 enka b 001 0 eng
010 ## - LIBRARY OF CONGRESS CONTROL NUMBER
LC control number 95177439
020 ## - INTERNATIONAL STANDARD BOOK NUMBER
International Standard Book Number 0750623187
040 ## - CATALOGING SOURCE
Original cataloging agency DLC
Transcribing agency DLC
Modifying agency DLC
043 ## - GEOGRAPHIC AREA CODE
Geographic area code e-uk---
050 00 - LIBRARY OF CONGRESS CALL NUMBER
Classification number HM263
Item number .P722 1995
082 00 - DEWEY DECIMAL CLASSIFICATION NUMBER
Classification number 659.2
Edition number 20
245 04 - TITLE STATEMENT
Title The practice of public relations /
Statement of responsibility, etc. edited by Sam Black.
250 ## - EDITION STATEMENT
Edition statement 4th ed.
260 ## - PUBLICATION, DISTRIBUTION, ETC.
Place of publication, distribution, etc. Oxford ;
-- Boston :
Name of publisher, distributor, etc. Butterworth-Heinemann,
Date of publication, distribution, etc. 1995.
300 ## - PHYSICAL DESCRIPTION
Extent xxv, 186 p. :
Other physical details ill. ;
Dimensions 24 cm.
490 1# - SERIES STATEMENT
Series statement The marketing series. Professional development
504 ## - BIBLIOGRAPHY, ETC. NOTE
Bibliography, etc. note Includes bibliographical references and index.
650 #0 - SUBJECT ADDED ENTRY--TOPICAL TERM
Topical term or geographic name entry element Public relations
Geographic subdivision Great Britain.
700 1# - ADDED ENTRY--PERSONAL NAME
Personal name Black, Sam,
Dates associated with a name 1915-
830 #0 - SERIES ADDED ENTRY--UNIFORM TITLE
Uniform title Marketing series (London, England).
Name of part/section of a work Professional development.
856 42 - ELECTRONIC LOCATION AND ACCESS
Materials specified Publisher description
Uniform Resource Identifier <a href="http://www.loc.gov/catdir/description/els032/95177439.html">http://www.loc.gov/catdir/description/els032/95177439.html</a>
856 41 - ELECTRONIC LOCATION AND ACCESS
Materials specified Table of contents
Uniform Resource Identifier <a href="http://www.loc.gov/catdir/toc/els032/95177439.html">http://www.loc.gov/catdir/toc/els032/95177439.html</a>
906 ## - LOCAL DATA ELEMENT F, LDF (RLIN)
a 7
b cbc
c orignew
d 2
e ncip
f 19
g y-gencatlg
942 ## - ADDED ENTRY ELEMENTS (KOHA)
Source of classification or shelving scheme Library of Congress Classification
Koha item type Books
Edition 4th ed.
Classification part 263
Item part PRA
Call number prefix HM
Call number suffix 1995
Holdings
Withdrawn status Lost status Damaged status Not for loan Collection code Home library Current library Shelving location Date acquired Total Checkouts Full call number Barcode Date last seen Copy number Price effective from Koha item type
        Non-fiction Mashava Campus Library Mashava Campus Library General Stacks 05/03/2021   HM263 PRA 1995 1987 05/03/2021 c.1 05/03/2021 Books